5HLuxD.jpg

KING HENRY VIII SENIOR AND PRIMARY SCHOOL LIBRARY OPAC

Mari Belajar Memandu = Learn to Drive / (Record no. 3334)

000 -LEADER
fixed length control field 00746nam a22002417a 4500
003 - CONTROL NUMBER IDENTIFIER
control field OSt
005 - DATE AND TIME OF LATEST TRANSACTION
control field 20231115080558.0
008 - FIXED-LENGTH DATA ELEMENTS--GENERAL INFORMATION
fixed length control field 231115b ||||| |||| 00| 0 eng d
020 ## - INTERNATIONAL STANDARD BOOK NUMBER
International Standard Book Number 9789670680316
040 ## - CATALOGING SOURCE
Transcribing agency KH8
082 ## - DEWEY DECIMAL CLASSIFICATION NUMBER
Classification number 400 NUR
100 ## - MAIN ENTRY--PERSONAL NAME
Personal name Nur Aina,
Relator term author.
245 ## - TITLE STATEMENT
Title Mari Belajar Memandu = Learn to Drive /
Statement of responsibility, etc. Nur Aina and Camelia Lim.
260 ## - PUBLICATION, DISTRIBUTION, ETC.
Place of publication, distribution, etc. Kuala Lumpur ;
Name of publisher, distributor, etc. Aras Ilmu Bestari,
Date of publication, distribution, etc. 2018.
300 ## - PHYSICAL DESCRIPTION
Extent 32 pages :
Other physical details color illustrations ;
Dimensions 19 cm x 26 cm.
440 ## - SERIES STATEMENT/ADDED ENTRY--TITLE
Title Siri Malu Bertanya Sesat Jalan
650 ## - SUBJECT ADDED ENTRY--TOPICAL TERM
Topical term or geographic name entry element Etiquette (manners)
650 ## - SUBJECT ADDED ENTRY--TOPICAL TERM
Topical term or geographic name entry element Children's stories
Form subdivision Malay
650 ## - SUBJECT ADDED ENTRY--TOPICAL TERM
Topical term or geographic name entry element Chidren's stories
Form subdivision English
700 ## - ADDED ENTRY--PERSONAL NAME
Personal name Lim, Camelia,
Relator term author.
830 ## - SERIES ADDED ENTRY--UNIFORM TITLE
Uniform title Siri Malu Bertanya Sesat Jalan
942 ## - ADDED ENTRY ELEMENTS (KOHA)
Source of classification or shelving scheme
Koha item type Teaching Resources
Holdings
Withdrawn status Lost status Source of classification or shelving scheme Damaged status Not for loan Collection code Permanent Location Current Location Shelving location Date acquired Full call number Barcode Date last seen Price effective from Koha item type
          Teaching Resources KH8 Senior School Library KH8 Senior School Library Staff Office 2023-11-15 400 NUR TRKHSL005075 2023-11-15 2023-11-15 Teaching Resources

Powered By KH8 IT Dept